000 00297nam a22001337a 4500
008 180924b xxu||||| |||| 00| 0 eng d
020 _a9780397512997
041 _aeng
080 _a610
100 _a5
101 _aANE
245 _aComplications Anesthesiology
_cKirby,R,R
942 _2udc
_cBK
999 _c48362
_d48362